000 00540nam a2200169Ia 4500
008 090711s9999 xx 000 0 und d
082 _b118
100 _aछापेकर ल. नी.
245 _aविकासाSया वाटा
260 _bआपटे आणि मंडळी
_c1945
300 _a24
600 _aछापेकर ल. नी.
630 _aविकासाSया वाटा
700 _aछापेकर ल. नी.
730 _aविकासाSया वाटा
942 _cBOOK
999 _c286775
_d286775